Fascinating snakes of Southeast Asia : An introduction
| Main Author: | |
|---|---|
| Format: | Book |
| Published: |
Kuala Lumpur :
Tropical press sdn.bhd. ,
1990
|
| Subjects: |
MARC
| LEADER | 00000cam a2200000 7i4500 | ||
|---|---|---|---|
| 001 | 0000063541 | ||
| 005 | 20160530.0 | ||
| 008 | 160530 | ||
| 020 | |a 9677300458 | ||
| 090 | 0 | 0 | |a 597.96 |b LIM |
| 100 | 1 | |a Lim,Leong Keng Francis | |
| 245 | 1 | 1 | |a Fascinating snakes of Southeast Asia : |b An introduction |c Francis Lim Leong Keng;Monty Lee Tat-Mong |
| 260 | |a Kuala Lumpur : |b Tropical press sdn.bhd. , |c 1990 | ||
| 500 | |a Includes bibliography | ||
| 650 | 0 | |a Snakes-Asia,Southeaster | |
| 999 | |a 0000214671 |b Book |c Adult Collection |e Cawangan Pontian | ||